| 000 | 00779na a2200265 4500 | ||
|---|---|---|---|
| 001 | 19480 | ||
| 003 | MIRAKIL | ||
| 005 | 20181213154750.0 | ||
| 008 | 161215b tu 000 0 | ||
| 020 | _a9786051371818 | ||
| 040 |
_aMilas _btur _cTR-AnCHP |
||
| 041 | _atur | ||
| 082 |
_a370.113436 _bO4a 2012 |
||
| 090 | _a370.113436 O4a 2012 | ||
| 100 | _aOk, Selçuk Tayfun | ||
| 245 |
_aAuvsturya mesleki eğitim sistemi ve odaların etkinliği _cSelçuk Tayfun Ok, Recep Dayıoğlu |
||
| 260 |
_aİstanbul _bİTO _c2012 |
||
| 300 |
_a124 s. _c25 sm. |
||
| 490 |
_aİstanbul Ticaret Odası yayınları _v37 |
||
| 504 | _aKaynakça var. | ||
| 650 |
_aMeslek odaları _zAvusturya |
||
| 651 |
_aAvusturya _xMeslek eğitimi |
||
| 700 | _aDayıoğlu, Recep | ||
| 942 |
_2ddc _cBKS |
||
| 999 |
_c457 _d457 |
||